Largest Cities In Tennessee - Statistics

General Stats
  • This quiz has been taken 6 times
  • The average score is 7 of 20
Answer Stats
Rank Population City % Correct
4 177,365 Chattanooga
100%
3 185,429 Knoxville
100%
2 653,248 Memphis
100%
1 684,017 Nashville
100%
5 150,602 Clarksville
60%
9 66,037 Johnson City
60%
6 130,968 Murfreesboro
60%
7 75,366 Franklin
40%
12 53,115 Kingsport
40%
15 43,924 Cleveland
20%
17 39,164 Germantown
20%
11 56,421 Hendersonville
20%
8 66,878 Jackson
20%
10 58,828 Bartlett
0%
16 41,987 Brentwood
0%
13 49,610 Collierville
0%
19 37,455 Columbia
0%
20 36,139 Gallatin
0%
14 48,361 Smyrna
0%
18 37,830 Spring Hill
0%
No matching quizzes found
Score Distribution
Percent of People with Each Score
Percentile by Number Answered
Your Score History
You have not taken this quiz